00421 2200157 4500001002100000008004100021035002000062245004900082100001900131260004100150300002000191082000800211650001800219990001300237990001300250INLIS000000000000293 ind  a0010-0322000293 aTHE BEAR AND THE FOX AND OTHER STORIEScIKHA aDIDIK DJUNAEDI aJAKARTAbPT. GADING INTI PRIMAc2015 a53 hlm.c25 cm. a823 aFIKSI INGGRIS a102470-1 a102470-2